<?xml version="1.0" encoding="UTF-8"?>
<record
    xmlns:xsi="http://www.w3.org/2001/XMLSchema-instance"
    xsi:schemaLocation="http://www.loc.gov/MARC21/slim http://www.loc.gov/standards/marcxml/schema/MARC21slim.xsd"
    xmlns="http://www.loc.gov/MARC21/slim">

  <leader>01053nam a2200301 i 4500</leader>
  <controlfield tag="001">106665</controlfield>
  <controlfield tag="003">ES-MaACL</controlfield>
  <controlfield tag="005">20250827062620.0</controlfield>
  <controlfield tag="007">t|</controlfield>
  <controlfield tag="008">030507s2006    sp       l   ||||0| spa</controlfield>
  <datafield tag="020" ind1=" " ind2=" ">
    <subfield code="a">84-309-4401-X</subfield>
  </datafield>
  <datafield tag="080" ind1=" " ind2=" ">
    <subfield code="a">347(460)"1889"(094.4)</subfield>
  </datafield>
  <datafield tag="110" ind1="1" ind2=" ">
    <subfield code="a">Espa&#xF1;a</subfield>
    <subfield code="9">3622</subfield>
  </datafield>
  <datafield tag="240" ind1="1" ind2="0">
    <subfield code="a">C&#xF3;digo civil, 1889</subfield>
  </datafield>
  <datafield tag="245" ind1="1" ind2="0">
    <subfield code="a">C&#xF3;digo civil / </subfield>
    <subfield code="c">edici&#xF3;n preparada por Jos&#xE9; Carlos Erdozain L&#xF3;pez bajo la direcci&#xF3;n de Rodrigo Bercovitz Rodr&#xED;guez-Cano.</subfield>
  </datafield>
  <datafield tag="250" ind1=" " ind2=" ">
    <subfield code="a">25&#xAA; ed.</subfield>
  </datafield>
  <datafield tag="260" ind1=" " ind2=" ">
    <subfield code="a">Madrid : </subfield>
    <subfield code="b">Tecnos, </subfield>
    <subfield code="c">2006.</subfield>
  </datafield>
  <datafield tag="300" ind1=" " ind2=" ">
    <subfield code="a">863 p. ; </subfield>
    <subfield code="c">17 cm.</subfield>
  </datafield>
  <datafield tag="490" ind1="1" ind2=" ">
    <subfield code="a">Biblioteca de textos legales ; </subfield>
    <subfield code="v">1</subfield>
  </datafield>
  <datafield tag="500" ind1=" " ind2=" ">
    <subfield code="a">En cub.: Actualizada a septiembre de 2006.</subfield>
  </datafield>
  <datafield tag="650" ind1="0" ind2="4">
    <subfield code="a">Derecho civil-</subfield>
    <subfield code="z">Espa&#xF1;a-</subfield>
    <subfield code="v">Legislaci&#xF3;n</subfield>
    <subfield code="9">11663</subfield>
  </datafield>
  <datafield tag="700" ind1="1" ind2=" ">
    <subfield code="a">Erdozain L&#xF3;pez, Jos&#xE9; Carlos.</subfield>
    <subfield code="9">47376</subfield>
  </datafield>
  <datafield tag="700" ind1="1" ind2=" ">
    <subfield code="a">Bercovitz Rodr&#xED;guez-Cano, Rodrigo.</subfield>
    <subfield code="9">27857</subfield>
  </datafield>
  <datafield tag="830" ind1="1" ind2=" ">
    <subfield code="a">Biblioteca de textos legales ; </subfield>
    <subfield code="v">1</subfield>
    <subfield code="9">177271</subfield>
  </datafield>
  <datafield tag="852" ind1=" " ind2=" ">
    <subfield code="a">ES-MaACL</subfield>
    <subfield code="j">A-15263</subfield>
    <subfield code="9">110718</subfield>
    <subfield code="c">DEPO1</subfield>
    <subfield code="d">Olim: L 347(460)"1889" ESP</subfield>
  </datafield>
  <datafield tag="942" ind1=" " ind2=" ">
    <subfield code="2">udc</subfield>
  </datafield>
  <datafield tag="999" ind1=" " ind2=" ">
    <subfield code="c">106665</subfield>
    <subfield code="d">106665</subfield>
  </datafield>
  <datafield tag="952" ind1=" " ind2=" ">
    <subfield code="0">0</subfield>
    <subfield code="1">0</subfield>
    <subfield code="2">udc</subfield>
    <subfield code="4">0</subfield>
    <subfield code="7">0</subfield>
    <subfield code="a">ATENEOM</subfield>
    <subfield code="b">ATENEOM</subfield>
    <subfield code="c">DEPO1</subfield>
    <subfield code="d">2008-01-17</subfield>
    <subfield code="l">0</subfield>
    <subfield code="o">A-15263</subfield>
    <subfield code="p">1111337</subfield>
    <subfield code="r">2023-02-23 00:00:00</subfield>
    <subfield code="w">2023-02-23</subfield>
    <subfield code="y">MONOGRAFIA</subfield>
  </datafield>
</record>
